000 00308nam a2200097 a 4500
005 20201002040708.0
008 140221s1986 000 spa d
245 3 _aEl mercado financiero no tradicional.
260 _aSanto Domingo -- Banco Central de la República Dominicana,
_c1986 -- 139 p.
999 _c42662
_d42662
040 _aDO-SdBNP